LEADER 01062nam0 2200301 450 001 000020287 005 20081203180828.0 010 $a88-15-01995-2 100 $a20081203d1988----km-y0itay50------ba 101 0 $aita 102 $aIT 105 $ay-------001yy 200 1 $aLibero scambio, protezionismo e concorrenza internazionale$fa cura di Paolo Guerrieri e Pier Carlo Padoan 210 $aBologna$cIl Mulino$d[1988] 215 $a364 p.$d22 cm 225 2 $aProblemi e prospettive$iSerie di economia 410 0$12001$aProblemi e prospettive 500 10$aLibero scambio, protezionismo e concorrenza internazionale$955752 610 1 $aLibera concorrenza 610 1 $aProtezionismo 676 $a382.73$v19$9Tariffe doganali protezionistiche e proibitive 702 1$aPadoan,$bPier Carlo$4070 702 1$aGuerrieri,$bPaolo$4070 801 0$aIT$bUNIPARTHENOPE$c20081203$gRICA$2UNIMARC 912 $a000020287 951 $a421/38$b7592$cNAVA2 996 $aLibero scambio, protezionismo e concorrenza internazionale$955752 997 $aUNIPARTHENOPE LEADER 01008cam0 2200289 450 001 E600200058088 005 20221110153322.0 100 $a20100105d1984 |||||ita|0103 ba 101 $afre 102 $aFR 200 1 $aDiscours de la mèthode$fIntr. et notes par Étienne Gilson 210 $aParis$cVrin$d1984 215 $a146 p.$d18 cm 300 $aaltro esempl. in : 100 Des 3246 b 700 1$aDescartes$b, René$3AF00013350$4070$0340660 702 1$aGilson, Étienne$3AF00004689$4070 801 0$aIT$bUNISOB$c20221110$gRICA 850 $aUNISOB 852 $aUNISOB$j100$m42970 852 $aUNISOB$j100$m42971 912 $aE600200058088 940 $aM 102 Monografia moderna SBN 941 $aM 957 $a100$b003246$gSi$d42970$racquisto$1massimo$2UNISOB$3UNISOB$420100105083806.0$520160314150801.0$6bethb 957 $a100$b003246$i-b$gSI$d42971$racquisto$1bethb$2UNISOB$3UNISOB$420160314150803.0$520160314150825.0$6bethb 996 $aDiscours de la méthode$912998 997 $aUNISOB